Mio canto è il Signore. (Record n. 98604)
[ formato base ]
| 000 -LEADER | |
|---|---|
| fixed length control field | 00483nam a22001457a 4500 |
| 003 - CONTROL NUMBER IDENTIFIER | |
| control field | IT-RoPau |
| 005 - DATE AND TIME OF LATEST TRANSACTION | |
| control field | 20220918181106.0 |
| 008 - FIXED-LENGTH DATA ELEMENTS--GENERAL INFORMATION | |
| fixed length control field | 130524b xxu||||| |||| 00| 0 eng d |
| 040 ## - CATALOGING SOURCE | |
| Transcribing agency | IT-RoPau |
| 245 ## - TITLE STATEMENT | |
| Title | Mio canto è il Signore. |
| Remainder of title | Canti per le musiche della FP, Musiche per l'accompagnamento d'organo |
| 260 ## - PUBLICATION, DISTRIBUTION, ETC. (IMPRINT) | |
| Place of publication, distribution, etc. | Roma |
| Name of publisher, distributor, etc. | SSP Comunità Juniores |
| Date of publication, distribution, etc. | 1985 |
| 300 ## - PHYSICAL DESCRIPTION | |
| Extent | S.n.p |
| Dimensions | 31 cm |
| 520 ## - SUMMARY, ETC. | |
| Summary, etc. | Indice<br/><br/>Parti proprie della S. Messa<br/>Liturgia delle Ore<br/>Altri canti |
| 942 ## - ADDED ENTRY ELEMENTS (KOHA) | |
| Source of classification or shelving scheme | Dewey Decimal Classification |
| Koha item type | LIBRO |
| Withdrawn status | Lost status | Source of classification or shelving scheme | Damaged status | Not for loan | Home library | Current library | Date acquired | Total Checkouts | Full call number | Date last seen | Price effective from | Koha item type |
|---|---|---|---|---|---|---|---|---|---|---|---|---|
| Dewey Decimal Classification | Buone Condizioni | Not For Loan | PAULUS-BIBLIOTECA | PAULUS-BIBLIOTECA | 24/05/2013 | P D1 | 24/05/2013 | 24/05/2013 | LIBRO | |||
| Dewey Decimal Classification | Buone Condizioni | Not For Loan | PAULUS-BIBLIOTECA | PAULUS-BIBLIOTECA | 24/05/2013 | P D1 | 24/05/2013 | 24/05/2013 | LIBRO |